000 00320nam a22001337a 4500
008 170915b xxu||||| |||| 00| 0 eng d
020 _a9780951646830
041 _aeng
080 _a7
100 _a44
101 _aART
245 _aGOVERNMENT ART COLLECTION OF THE UNITED KINGDOM
_cTWEDY..E
942 _2udc
_cBK
999 _c27781
_d27781